Nové pohľady na integrované manažérske systémy a ich vplyv na konkurencieschopnosť organizácie
Zavádzanie systémov manažérstva kvality ako nevyhnutný predpoklad dlhodobého úspešného fungovania organizácie. Integrované systémy a procesy. Systém manažérstva kvality. Environmentálny manažérsky systém. Systém manažérstva BOZP. Moderné prístupy k integrovaným manažérskym systémom. Systém manažérst...
Enregistré dans:
| Auteur principal: | |
|---|---|
| Autres auteurs: | |
| Format: | Chapitre de livre |
| Langue: | slovaque |
| Sujets: | |
| Tags: |
Pas de tags, Soyez le premier à ajouter un tag!
|
MARC
| LEADER | 00000naa$a2200000$$$4500 | ||
|---|---|---|---|
| 001 | 0124751 | ||
| 005 | 20240502083316.4 | ||
| 041 | 0 | |a slo | |
| 044 | |a PL | ||
| 245 | 1 | 0 | |a Nové pohľady na integrované manažérske systémy a ich vplyv na konkurencieschopnosť organizácie |c Bohuslava Mihalčová, Ľuboš Socha |
| 520 | |a Zavádzanie systémov manažérstva kvality ako nevyhnutný predpoklad dlhodobého úspešného fungovania organizácie. Integrované systémy a procesy. Systém manažérstva kvality. Environmentálny manažérsky systém. Systém manažérstva BOZP. Moderné prístupy k integrovaným manažérskym systémom. Systém manažérstva informačnej bezpečnosti. Spoločenská zodpovednosť. Spoločné znaky a rozdiely v manažérskych systémoch. | ||
| 610 | 2 | 0 | |a systémy integrované manažérske |
| 610 | 2 | 0 | |a systémy kvality |
| 610 | 2 | 0 | |a systémy informačné |
| 610 | 2 | 0 | |a bezpečnosť informačná |
| 610 | 2 | 0 | |a ochrana prostredia životného |
| 610 | 2 | 0 | |a bezpečnosť práce |
| 610 | 2 | 0 | |a ochrana zdravia |
| 610 | 2 | 0 | |a zodpovednosť spoločenská |
| 610 | 2 | 0 | |a konkurencieschopnosť |
| 100 | 1 | |a Mihalčová, Bohuslava, 1963- | |
| 700 | 1 | |a Socha, Luboš | |